000 00621nam a2200205Ia 4500
005 20250326144507.0
008 250326s9999 xx 000 0 und d
020 _a978-1-4200-5427-9
037 _aTextbook
040 _aFMSL
_beng
_cFMSL
041 _aeng
_2eng
084 _aX:8 P9
_qFMSL
100 _aJulnes Patria DE Lancer
_9308253
245 0 _aPerformance-based management systems : effective implementaion and maintece
_cJulnes Patria DE Lancer
260 _aLondon
_bLondon, CRC
_c2009
300 _axx,279
365 _b4445.9414999999999
942 _cTB
_hX:8 P9
999 _c1303916
_d1303916